Name every Love Live songs part 2 - Statistics

General Stats
  • This quiz has been taken 18 times
    10 since last reset
  • The average score is 194 of 305
Answer Stats
Hint Answer % Correct
Emma Aion no Uta
100%
Shizuku Anata no Risou no Heroine
100%
Shioriko Aoi Canaria
100%
Shizuku Audrey
100%
Kanata Butterfly
100%
Setsuna CHASE!
100%
Setsuna Cherry Bomb
100%
Nijigasaki Colorful Dreams! Colorful Smiles!
100%
Kanata Cooking with Love
100%
Ai Diabolic mulier
100%
Setsuna DIVE!
100%
Shioriko EMOTION
100%
Diver Diva Eternal Light
100%
Lanzhu Eutopia
100%
Emma Evergreen
100%
Rina First Love Again
100%
QU4RTZ Fuwa Fuwa Hour!
100%
Emma Itsu datte for you!
100%
Nijigasaki Just Believe!!!
100%
Shioriko Ketsui no Hikari
100%
Emma La Bella Patria
100%
Setsuna LIKE IT! LOVE IT!
100%
Aqours
Nijigasaki
Liella
LIVE with a smile!
100%
Nijigasaki L!L!L! (Love the Life We Live)
100%
Nijigasaki Love U my friends
100%
Kanata Märchen Star
100%
Kasumi Margaret
100%
Ai Meccha Going!!
100%
Setsuna MELODY
100%
R3BIRTH MONSTER GIRLS
100%
Kasumi Poppin' Up!
100%
Ai Saikou Heart
100%
Kanata Silent Blaze
100%
Shizuku Solitude Rain
100%
Karin Starlight
100%
Mia stars we chase
100%
Diver Diva SUPER NOVA
100%
QU4RTZ Swinging!
100%
Nijigasaki TOKIMEKI Runners
100%
Mia Toy Doll
100%
Rina Tsunagaru Connect
100%
Karin Wish
100%
Kasumi ☆Wonderland☆
100%
Setsuna Yada!
100%
Ayumu Yume e no Ippo
100%
Lanzhu 5201314
83%
5yncri5e! A Little Love
83%
Rina Analog Heart
83%
Ayumu Awakening Promise
83%
QU4RTZ Beautiful Moonlight
83%
A・ZU・NA Blue!
83%
Ayumu Break The System
83%
R3BIRTH Bubble Over!
83%
Margarete Butterfly Wing
83%
Liella! Chance Day, Chance Way!
83%
Shioriko Concentrate!
83%
Liella! Dancing Heart La-Pa-Pa-Pa!
83%
Kasumi Diamond
83%
CatChu! Distortion
83%
Rina Doki Pipo ☆ Emotion
83%
Hasunosora Dream Believers
83%
Liella! Dreaming Energy
83%
A・ZU・NA Dream Land! Dream World!
83%
Ayumu Dream with You
83%
Margarete Edelstein
83%
Shizuku Eieisa
83%
R3BIRTH Feel Alive
83%
Karin Fire Bird
83%
Kanon Free Flight
83%
Nijigasaki Future Parade
83%
Shiki Glass Ball Rejection
83%
Nijigasaki Go Our Way!
83%
Liella! Go!! Restart
83%
A・ZU・NA Happy Nyan! Days
83%
Sunny Passion HOT PASSION!!
83%
Mia I'm Still...
83%
5yncri5e! Jellyfish
83%
Ayumu Kaika Sengen
83%
Emma Koe Tsunagou yo
83%
Diver Diva Koisuru Magic!!
83%
Mia Lemonade
83%
Nijigasaki Level Oops! Adventures
83%
R3BIRTH Look at me now
83%
QU4RTZ Michi no Saki
83%
Nijigasaki Mirai Harmony
83%
Kasumi Muteki-kyuu*Believer
83%
Kanata My Own Fairy-Tale
83%
Karin My Shadow
83%
Nijigasaki NEO SKY, NEO MAP!
83%
KALEIDOSCORE Neutral
83%
Nijigasaki Nijiiro Passions!
83%
QU4RTZ Not Sad
83%
QU4RTZ PASTEL
83%
Lanzhu Queendom
83%
Nijigasaki Ryouran! Victory Road
83%
Liella! Sing! Shine! Smile!
83%
QU4RTZ Sing & Smile!!
83%
Rina Teletelepathy
83%
5yncri5e! Thank you Good morning
83%
KanonKeke Tiny Stars
83%
Karin Turn it Up!
83%
QU4RTZ Twinkle Town
83%
Liella! Vitamin SUMMER!
83%
Karin VIVID WORLD
83%
R3BIRTH Vroom Vroom
83%
Liella! Watashi no Symphony
83%
Rina Watashi wa Magnet
83%
Liella! Welcome to Bokura no Sekai
83%
Nijigasaki Yume ga Koko Kara Hajimaru yo
83%
Ai Yuu & Ai
83%
Nijigasaki Zensoku Dreamer
83%
Liella! 1.2.3!
67%
QU4RTZ 4SEASONS
67%
Mei Akane Gokoro
67%
CatChu! Alternate
67%
Kanon Aozora o Matteru
67%
Kinako Beginners Rock!!
67%
A・ZU・NA Cheer for you!!
67%
5yncri5e! Dancing Raspberry
67%
Liella! Day1
67%
Cerise Bouquet Dear my future
67%
Mira-Cra Park! Do! Do! Do!
67%
KanonKinako Dreamer Coaster
67%
QU4RTZ ENJOY IT!
67%
Natsumi Eye o Choudai
67%
Diver Diva Fashionista
67%
Chisato Flyer's High
67%
Nijigasaki Fly with You!!
67%
Liella! Hajimari wa Kimi no Sora
67%
Mira-Cra Park! Identity
67%
Chika
Ayumu
Kanon
Kaho
Uzuki
Shizuka
Kogane
Ijigen★♥BIGBANG
67%
A・ZU・NA Infinity! Our wings!!
67%
Shizuku Koakuma LOVE♡
67%
Emma Koisuru Sunflower
67%
Kanon Kokoro Kirarara
67%
Shioriko Koufukuron
67%
Diver Diva Love Triangle
67%
Ren Midnight Rhapsody
67%
Mira-Cra Park! Milk
67%
Liella! MIRACLE NEW STORY
67%
Liella! Mirai wa Kaze no You ni
67%
Liella! Mirai Yohou Hallelujah!
67%
Sumire Mitero!
67%
Keke Mizuiro no Sunday
67%
Kanata Nemureru Mori ni Ikitai na
67%
Liella! Nonfiction!!
67%
Keke Oh! Ready Steady Positive
67%
Hasunosora On your mark
67%
A・ZU・NA Poker face & Onegai! Fairy
67%
Liella! POP TALKING
67%
Diver Diva POWER SPOT!!
67%
Ai Request for U
67%
A・ZU・NA Romance no Naka de
67%
Diver Diva Saika -saika-
67%
Liella! Second Sparkle
67%
Kasumi Senobi Shitatte
67%
Diver Diva Shadow Effect
67%
Liella! Starlight Prologue
67%
Liella! START!! True dreams
67%
Nijigasaki Sweet Eyes
67%
Ai Tanoshii no Tensai
67%
Diver Diva THE SECRET NiGHT
67%
Sunny Passion Till Sunrise
67%
Liella! TO BE CONTINUED
67%
Kasumi TO BE YOURSELF
67%
Liella! Tokonatsu☆Sunshine
67%
Nijigasaki Twilight
67%
Liella! Unison
67%
KALEIDOSCORE Velour
67%
Ayumu Walking Dream
67%
Liella! WE WILL!!
67%
Liella! Wish Song
67%
Lanzhu Ye Mingzhu
67%
Chisato Yuuki no Kakera
67%
CatChu! Zenryoku Riot
67%
Hasunosora 365 Days
50%
Liella! Aikotoba!
50%
KekeRen Anniversary
50%
DOLLCHESTRA AWOKE
50%
Ren Binetsu no Waltz
50%
Hasunosora Bloom the smile, Bloom the dream!
50%
KALEIDOSCORE Camellia no Sasayaki
50%
RurinoTsuzuri Colorfulness
50%
Liella! Dakara Bokura wa Narasunda!
50%
A・ZU・NA Dancing in the Light
50%
Cerise Bouquet | DOLLCHESTRA DEEPNESS
50%
Liella! Departure
50%
Hasunosora Eien no Euphoria
50%
Nijigasaki Eien no Isshun
50%
Liella! FANTASTiC
50%
Diver Diva Fly into the sky
50%
A・ZU・NA Folklore ~Kanki no Uta~
50%
KALEIDOSCORE Fukashi na Blue
50%
Cerise Bouquet Genyou Yakou
50%
KekeSumire Ren HAPPY TO DO WA!
50%
Sumire Heroine's☆Runway
50%
Cerise Bouquet Holiday∞Holiday
50%
Liella! Jump Into the New World
50%
Nijigasaki KAGAYAKI Don't forget!
50%
CatChu! Kage Asobi
50%
A・ZU・NA Kakushiaji!
50%
KanonChisato Kawaranai Subete
50%
DOLLCHESTRA Kibouteki Prism
50%
Chisato Kimi o Omou Hana ni Naru
50%
Diver Diva Kiss the Sun
50%
DOLLCHESTRA KNOT
50%
Liella! Kono Machi de Ima Kimi to
50%
DOLLCHESTRA Ladybug
50%
Hasunosora Link to the FUTURE
50%
QU4RTZ Make-up session ABC
50%
A・ZU・NA Maze Town
50%
KanonChisato Memories
50%
Nijigasaki Miracle STAY TUNE!
50%
Mira-Cra Park! Mira-Creation
50%
Liella! Mirai no Oto ga Kikoeru
50%
Cerise Bouquet Mix shake!!
50%
Liella! Mizushibuki no Sign
50%
Hasunosora Natsumeki Pain
50%
Nijigasaki New Year's March!
50%
Liella! Primary
50%
Cerise Bouquet Reflection in the mirror
50%
Ren Reverb
50%
Ayumu Say Good-Bye Namida
50%
Liella! Shekira☆☆☆
50%
Liella! Shooting Voice!!
50%
DOLLCHESTRA Sparkly Spot
50%
Sumire Starry Prayer
50%
Liella! Star Sengen
50%
Cerise Bouquet Sugao no Pixel
50%
Cerise Bouquet Suisai Sekai
50%
Hasunosora Trick & Cute
50%
DOLLCHESTRA Tsukimakase
50%
Liella! Tu Tu Tu!
50%
Nijigasaki Wachu Gonna Do
50%
KasumiShizuku Rina Shioriko Waku Waku! Monday Morning
50%
Liella! What a Wonderful Dream!!
50%
Shizuku Yagate Hitotsu no Monogatari
50%
Nijigasaki Yume ga Bokura no Taiyou sa
50%
Hasunosora Yup! Yup! Yup!
50%
Liella! Yuragu wa
50%
Cerise Bouquet Aoku Haruka
33%
DOLLCHESTRA Ao to Shabon
33%
Hasunosora Asu no Sora no Bokutachi e
33%
KinakoMei Shiki Natsumi Blooming Dance! Dance!
33%
Liella! Bye Bye Shichaeba!?
33%
KekeRen Crescendo Yu・Ra
33%
Hasunosora Dakishimeru Hanabira
33%
RenSumire Dears
33%
Liella! Dream Rainbow
33%
Cerise Bouquet Fortune Movie
33%
Liella! GOING UP
33%
Keke Hoshikuzu Cruising
33%
Liella! Including you
33%
Kanon Chisato Kakeru Merry-Go-Round
33%
Cerise Bouquet Kawaii no susume
33%
Liella! Kirakyun☆
33%
Hasunosora Legato
33%
Mira-Cra Park! Mahara Jamboree
33%
RenNatsumi Meikyuu Sanka
33%
SumireKanon Message
33%
Liella! Namae Yobiau You ni
33%
Nijigasaki Nijigasaki Gakuen Kouka
33%
Mira-Cra Park! Nonfiction Hero Show
33%
Liella! Oikakeru Yume no Saki de
33%
Cerise Bouquet Ouka Ranman
33%
DOLLCHESTRA Parallel Dancer
33%
SayakaKozue Pleasure Feather
33%
Liella! Prime Adventure
33%
ChisatoKeke Ringing!
33%
Liella! Sagashite! Future
33%
DOLLCHESTRA Scapegoat
33%
Cerise Bouquet Senpen Banka
33%
Nijigasaki SINGING, DREAMING, NOW!
33%
Cerise Bouquet Special Thanks
33%
KanonChisato Sumire Stella!
33%
Hasunosora STEP UP!
33%
Nijigasaki Sugar Sugar Yummy Yummy Parfait
33%
DOLLCHESTRA Take It Over
33%
Liella! Time to go
33%
DOLLCHESTRA Tragic Drops
33%
Hasunosora Tsubasa・La・Liberte
33%
Liella! UNIVERSE!!
33%
Liella! Utopia Magic
33%
Nijigasaki Wawawa☆What's up!
33%
Cerise Bouquet Zanyou
33%
DOLLCHESTRA Ameiro
17%
Mira-Cra Park! BANG YOU Gravity
17%
KekeSumire Endless Circuit
17%
Mira-Cra Park! Hakuchuu à la mode
17%
KahoMegumi Happy Shijou Shugi!
17%
KanonKeke Chisato Sumire Ren Hoshizora Monologue
17%
Nijigasaki Hurray Hurray
17%
Liella! Irozuite Toumei
17%
Mira-Cra Park! Ishin☆Denshin
17%
DOLLCHESTRA Jibun Diary
17%
Mira-Cra Park! Kokon Touzai
17%
Liella! Matataki no Saki e
17%
DOLLCHESTRA Mirage Voyage
17%
Nijigasaki OUR P13CES!!!
17%
MeiShiki Parade wa Itsumo
17%
Yu Radio Taisou Dai Ichi
17%
DOLLCHESTRA Seishun no Rinkaku
17%
Cerise Bouquet Sugar Melt
17%
Mira-Cra Park! Tensai Nano Kamo Shirenai
17%
No matching quizzes found
Score Distribution
Percent of People with Each Score
Percentile by Number Answered
Your Score History
You have not taken this quiz since the last reset